Statistics for Operators of the Airbus A330

Click here to take the quiz!

General Stats

  • This quiz has been taken 204 times
  • The average score is 22 of 85

Answer Stats

# Answer % Correct
15Air France
82%
32Delta Air Lines
76%
15Lufthansa
75%
27Emirates Airline
70%
18Qantas
68%
29Qatar Airways
65%
19Aeroflot
63%
19Singapore Airlines
63%
8Air Canada
61%
27Air China
61%
14KLM
59%
21China Southern Airlines
54%
20China Eastern Airlines
52%
7Alitalia
52%
7Aer Lingus
51%
33Cathay Pacific
49%
12TAP Portugal
49%
16Turkish Airlines
49%
23Korean Air
48%
4SAS - Scandinavian Airlines System
45%
3Virgin Atlantic
43%
5South African Airways
41%
20TAM Linhas Aereas
40%
20China Airlines
39%
2Air India
37%
16US Airways
37%
10Asiana Airlines
37%
28Thai Airways International
35%
24Etihad Airways
33%
8Finnair
33%
14Air Berlin
32%
7Avianca
32%
8Egypt Air
32%
14Garuda Indonesia
29%
3Thomas Cook Airlines UK
27%
9Vietnam Airlines
26%
11EVA Air
24%
10Gulf Air
24%
4Hawaiian Airlines
24%
19Malaysia Airlines
24%
10Air Transat
22%
6Brussels Airlines
22%
4Virgin Australia
22%
9Hainan Airlines
20%
6SriLankan Airlines
19%
12Jet Airways
18%
12Swiss International Airlines
18%
8Saudi Arabian Airlines
17%
7Oman Air
17%
9AirAsia X
16%
9Air Europa
16%
10Jetstar Airways
15%
3Royal Jordanian
14%
8Cebu Pacific
14%
8Philippine Airlines
13%
9Hong Kong Airlines
12%
15Dragonair
12%
5Air Algerie
11%
2Monarch Airlines
10%
2Air Mauritius
10%
4Middle East Airlines
7%
4Air Caraibes
7%
3Hifly
6%
5Kingfisher Airlines
6%
1Air Greenland
5%
3Sichuan Airlines
5%
2bmi - British Midland
5%
4Thomas Cook Airlines Scandinavia
3%
2Aircalin
3%
2Corsairfly
2%
2XL Airways France
2%
2Afriqiyah Airways
2%
3Vladivostok Avia
1%
2Batavia Air
1%
1Ryan International Airlines
1%
2Cyprus Airways
1%
2Edelweiss Air
1%
4Onur Air
1%
2Shaheen Air
1%
3Yemenia
1%
2Orbest Orizonia Airlines
0%
1Berkut Air
0%
1Strategic Airlines
0%
3Meridiana Fly
0%
1Orbest
0%

Score Distribution

Percentile by Number Answered

Percent of People with Each Score

Your Score History

You have not taken this quiz